Ensayo sobre Chile
Gespeichert in:
| 1. Verfasser: | |
|---|---|
| Format: | Buch |
| Sprache: | Spanisch |
| Veröffentlicht: |
Santiago
Cámara Chilena de la Construcción
2010
Santiago Pontificia Universidad Católica de Chile 2010 Santiago Dirección de Bibliotecas, Archivos y Museos 2010 |
| Ausgabe: | 1a. ed |
| Schriftenreihe: | Biblioteca Fundamentos de la Construcción de Chile, 38
|
| Schlagworte: | |
| Tags: |
Tag hinzufügen
Keine Tags, Fügen Sie den ersten Tag hinzu!
|
MARC
| LEADER | 00000cam a2200000 a 4500 | ||
|---|---|---|---|
| 001 | UCG6964 | ||
| 003 | CL-VaPUC | ||
| 008 | 110609e20100000CL |||||||||||||||||spa|d | ||
| 020 | |a 9789568306366 | ||
| 082 | 0 | 4 | |a 918.3 |b PER |2 21 |
| 100 | 0 | |a Pérez Rosales, Vicente |e author |9 346608 | |
| 245 | 1 | 0 | |a Ensayo sobre Chile |
| 250 | |a 1a. ed | ||
| 300 | |a 280 p | ||
| 942 | |c BK | ||
| 945 | |d 20110609 00:00:00 |a cmena | ||
| 260 | |a Santiago |b Cámara Chilena de la Construcción |c 2010 | ||
| 260 | |a Santiago |b Pontificia Universidad Católica de Chile |c 2010 | ||
| 260 | |a Santiago |b Dirección de Bibliotecas, Archivos y Museos |c 2010 | ||
| 650 | 0 | |a Descripciones y viajes |9 262159 | |
| 650 | 0 | |a Ensayos chilenos |9 269132 | |
| 650 | 0 | |a Historia de Chile |9 265473 | |
| 650 | 0 | |a Geografía de Chile |9 268295 | |
| 651 | 7 | |a CHILE |2 CL-VaPUC |9 557470 | |
| 583 | |a last modification |c 20141022 11:09:35 |k Rodrigo Vera | ||
| 490 | 0 | |a Biblioteca Fundamentos de la Construcción de Chile, 38 | |
| 999 | |c 345071 |d 345069 | ||
| 952 | |0 0 |1 0 |4 0 |6 918_300000000000000_PER_2010_2010_2010 |7 0 |8 A |9 443517 |a BIBHIS |b BIBHIS |d 2019-11-22 |i 4781783 |o 918.3 PER 2010 2010 2010 |p 4781783 |r 2025-01-20 |w 2019-11-22 |y BK |k HIS | ||
| 952 | |0 0 |1 0 |4 0 |6 918_300000000000000_PER_2010_2010_2010 |7 0 |8 A |9 443518 |a BIBHIS |b BIBHIS |d 2019-11-22 |i 4794508 |o 918.3 PER 2010 2010 2010 |p 4794508 |r 2025-01-20 |w 2019-11-22 |y BK |k HIS | ||